[Event "GER-chT U20"]
[Site "Osnabrueck"]
[Date "2018.12.30"]
[Round "7.3"]
[White "Stemmler, Fabian"]
[Black "Reindl, Knut"]
[Result "1/2-1/2"]
[WhiteElo "1972"]
[BlackElo "1857"]
[PlyCount "72"]
[EventDate "2018.12.27"]
[EventType "team-swiss"]
[EventRounds "7"]
[EventCountry "GER"]
[SourceTitle "CBM 188 Extra"]
[Source "ChessBase"]
[SourceDate "2019.02.26"]
[SourceVersion "1"]
[SourceVersionDate "2019.02.26"]
[SourceQuality "1"]
[WhiteTeam "Brackel"]
[BlackTeam "Schwaebisch Gmuend"]
[WhiteTeamCountry "GER"]
[BlackTeamCountry "GER"]

1. d4 Nf6 2. c4 e6 3. Nf3 b6 4. g3 Bb7 5. Bg2 c5 6. d5 exd5 7. Nh4 d6 8. Nc3 Be7 9. 0-0 0-0 10. cxd5 Re8 11. e4 Nbd7 12. Nf5 Bf8 13. Re1 a6 14. a4 Rb8 15. f4 g6 16. Nh4 Qc7 17. Nf3 Ba8 18. e5 dxe5 19. fxe5 Nh5 20. g4 Ng7 21. Bf4 f6 22. d6 Qd8 23. Qb3+ Kh8 24. e6 Ne5 25. Bxe5 fxe5 26. Nxe5 Qf6 27. Nf7+ Kg8 28. Nh6+ Kh8 29. e7 Qd4+ 30. Kh1 Bxg2+ 31. Kxg2 Qd2+ 32. Re2 Qxh6 33. Qf7 Qh4 34. h3 Qg5 35. Rae1 Nf5 36. exf8Q+ Rxf8 1/2-1/2

[Event "GER-chT U20"]
[Site "Osnabrueck"]
[Date "2018.12.28"]
[Round "3.4"]
[White "Reindl, Knut"]
[Black "Wiesner, Alexander"]
[Result "1/2-1/2"]
[WhiteElo "1857"]
[BlackElo "1939"]
[PlyCount "75"]
[EventDate "2018.12.27"]
[EventType "team-swiss"]
[EventRounds "7"]
[EventCountry "GER"]
[SourceTitle "CBM 188 Extra"]
[Source "ChessBase"]
[SourceDate "2019.02.26"]
[SourceVersion "1"]
[SourceVersionDate "2019.02.26"]
[SourceQuality "1"]
[WhiteTeam "Schwaebisch Gmuend"]
[BlackTeam "Karlsruhe SF"]
[WhiteTeamCountry "GER"]
[BlackTeamCountry "GER"]

1. c4 e5 2. Nc3 Nc6 3. Nf3 d6 4. d4 Nf6 5. dxe5 Nxe5 6. Nxe5 dxe5 7. Qxd8+ Kxd8 8. Bg5 c6 9. e4 Be7 10. 0-0-0+ Nd7 11. Bxe7+ Kxe7 12. g3 Nc5 13. Bg2 Be6 14. b3 Rhd8 15. Rxd8 Rxd8 16. Rd1 Nd3+ 17. Kc2 Nxf2 18. Rxd8 Kxd8 19. Kd2 Ng4 20. h3 Nf2 21. g4 h5 22. Ke2 Nxg4 23. hxg4 Bxg4+ 24. Kf2 Ke7 25. Kg3 g6 26. Bh3 Bxh3 27. Kxh3 Kd6 28. b4 b6 29. Kh4 f6 30. Na4 Kd7 31. Nc3 Kd6 32. Kg3 Kd7 33. Kh4 Kd6 34. a3 Kd7 35. Kh3 Ke6 36. Kh4 Kd7 37. Kh3 Kd6 38. Kh4 1/2-1/2

[Event "Staufer op-B 30th"]
[Site "Schwaebisch Gmuend"]
[Date "2018.01.05"]
[Round "7"]
[White "Schulz, Uwe"]
[Black "Reindl, Knut"]
[Result "0-1"]
[WhiteElo "1832"]
[BlackElo "1814"]
[PlyCount "64"]
[EventDate "2018.01.02"]
[EventType "swiss"]
[EventRounds "9"]
[EventCountry "GER"]
[SourceTitle "EXT 2019"]
[Source "ChessBase"]
[SourceDate "2018.10.10"]
[SourceVersion "1"]
[SourceVersionDate "2018.10.10"]
[SourceQuality "1"]

1. e4 c5 2. d4 cxd4 3. c3 Nf6 4. e5 Nd5 5. Nf3 e6 6. Bc4 d6 7. Qe2 Nb6 8. Bb5+ Bd7 9. Bg5 Be7 10. Bxe7 Qxe7 11. exd6 Qxd6 12. Nxd4 Nc6 13. Nf5 Qf8 14. Bxc6 Bxc6 15. Qe5 0-0-0 16. Ne3 g6 17. 0-0 Qd6 18. Qa5 Kb8 19. c4 Qd4 20. Na3 Qxb2 21. c5 Nc8 22. Nac4 Qf6 23. Rab1 Qe7 24. Qb4 Rd4 25. Qa3 Qc7 26. Na5 Ra4 27. Qc3 Rd8 28. Nec4 Bd5 29. Rxb7+ Bxb7 30. Rb1 Ka8 31. Qb3 Bd5 32. Rb2 Rb4 0-1

[Event "Staufer op-B 30th"]
[Site "Schwaebisch Gmuend"]
[Date "2018.01.03"]
[Round "3"]
[White "Petrashov, Alexander"]
[Black "Reindl, Knut"]
[Result "1/2-1/2"]
[WhiteElo "1992"]
[BlackElo "1814"]
[PlyCount "109"]
[EventDate "2018.01.02"]
[EventType "swiss"]
[EventRounds "9"]
[EventCountry "GER"]
[SourceTitle "EXT 2019"]
[Source "ChessBase"]
[SourceDate "2018.10.10"]
[SourceVersion "1"]
[SourceVersionDate "2018.10.10"]
[SourceQuality "1"]

1. d4 Nf6 2. Nf3 e6 3. c4 b6 4. e3 Bb7 5. Bd3 Bb4+ 6. Bd2 Bxd2+ 7. Nbxd2 d6 8. 0-0 Nbd7 9. Qc2 0-0 10. e4 e5 11. d5 a5 12. b3 Nh5 13. Rfd1 Nf4 14. Bf1 Bc8 15. g3 Ng6 16. Bh3 Nc5 17. Bxc8 Qxc8 18. a3 f5 19. exf5 Qxf5 20. Qxf5 Rxf5 21. b4 Nd7 22. Ne1 Ne7 23. Nc2 Rff8 24. Ne3 Nf5 25. Kg2 g6 26. Ne4 h6 27. c5 Nxe3+ 28. fxe3 axb4 29. axb4 bxc5 30. bxc5 Nxc5 31. Nxc5 dxc5 32. Rdc1 Rab8 33. Rxc5 Rb2+ 34. Kh3 Rff2 35. Rxc7 Rxh2+ 36. Kg4 Rb4+ 37. e4 Rf2 38. Re1 Rb3 39. Rec1 Re3 40. R1c4 Rf7 41. Rc8+ Kg7 42. Re8 h5+ 43. Kh4 Re1 44. d6 Kf6 45. Kh3 Rd1 46. Rd8 Ke6 47. Rc7 Rd4 48. Re8+ Kf6 49. Rxe5 Kxe5 50. Rxf7 Rxd6 51. Re7+ Kf6 52. Re8 Kf7 53. Re5 Kf6 54. Re8 Kf7 55. Re5 1/2-1/2

[Event "GER-chT U16"]
[Site "Walldorf"]
[Date "2017.12.28"]
[Round "3.1"]
[White "Jakob, Georg"]
[Black "Reindl, Knut"]
[Result "1-0"]
[WhiteElo "1929"]
[BlackElo "1824"]
[PlyCount "49"]
[EventDate "2017.12.26"]
[EventType "team-swiss"]
[EventRounds "7"]
[EventCountry "GER"]
[SourceTitle "CBM 182 Extra"]
[Source "ChessBase"]
[SourceDate "2018.02.23"]
[SourceVersion "1"]
[SourceVersionDate "2018.02.23"]
[SourceQuality "1"]
[WhiteTeam "Hohentuebingen"]
[BlackTeam "Schwaebisch Gmuend"]
[WhiteTeamCountry "GER"]
[BlackTeamCountry "GER"]

1. e4 c5 2. Nf3 d6 3. d4 cxd4 4. Nxd4 Nf6 5. Nc3 g6 6. Be3 Bg7 7. f3 0-0 8. Qd2 Nc6 9. g4 Be6 10. 0-0-0 Ne5 11. h4 Bc4 12. h5 Bxf1 13. Rdxf1 Nc4 14. Qe2 Nxe3 15. Qxe3 Qb6 16. hxg6 hxg6 17. Qd2 Rfc8 18. Nf5 gxf5 19. gxf5 Kf8 20. Rfg1 Ne8 21. Rxg7 e6 22. Rh8+ Ke7 23. Qg5+ Nf6 24. Rxf7+ Kxf7 25. Qg6+ 1-0

[Event "Wuerttemberg-ch KT"]
[Site "Stuttgart"]
[Date "2017.08.27"]
[Round "2"]
[White "Reindl, Knut"]
[Black "Porzer, Thomas"]
[Result "1-0"]
[WhiteElo "1682"]
[BlackElo "1919"]
[PlyCount "113"]
[EventDate "2017.08.26"]
[EventType "swiss"]
[EventRounds "7"]
[EventCountry "GER"]
[SourceTitle "EXT 2019"]
[Source "ChessBase"]
[SourceDate "2018.10.10"]
[SourceVersion "1"]
[SourceVersionDate "2018.10.10"]
[SourceQuality "1"]

1. c4 Nf6 2. Nf3 g6 3. g3 Bg7 4. Bg2 d6 5. Nc3 Nc6 6. a3 e5 7. d3 0-0 8. 0-0 Bg4 9. Rb1 Qd7 10. Re1 Rad8 11. b4 Ne7 12. b5 Ne8 13. Qa4 f5 14. Bb2 a6 15. bxa6 Qxa4 16. Nxa4 bxa6 17. h3 Bxf3 18. Bxf3 Nf6 19. Bb7 Nd7 20. Bc3 Rb8 21. Ba5 Nb6 22. Nxb6 Rxb7 23. Nd5 Rxb1 24. Nxe7+ Kf7 25. Rxb1 Kxe7 26. Rb7 Rc8 27. Bxc7 Bf8 28. Ba5+ Kf6 29. Rb6 Ra8 30. c5 Ke6 31. c6 Rc8 32. Rxa6 d5 33. c7+ Kd7 34. a4 Bd6 35. Kg2 Bxc7 36. Ra7 Kc6 37. f4 Bxa5 38. Rxa5 e4 39. dxe4 fxe4 40. Ra7 Kc5 41. Rxh7 Kd4 42. Kf2 Rc2 43. Rh6 e3+ 44. Kf3 Rc1 45. Rxg6 Rf1+ 46. Kg4 Rf2 47. Re6 Rxe2 48. a5 Kd3 49. a6 d4 50. f5 Rf2 51. a7 Ra2 52. Re7 e2 53. Kf3 Ra1 54. Rxe2 Rxa7 55. f6 Rf7 56. Re6 Kd2 57. g4 1-0

[Event "GER-chT U16"]
[Site "Neumarkt in der Oberpfalz"]
[Date "2016.12.29"]
[Round "5.3"]
[White "Reindl, Knut"]
[Black "Walow, Xenia"]
[Result "0-1"]
[WhiteElo "1757"]
[BlackElo "1709"]
[PlyCount "74"]
[EventDate "2016.12.27"]
[EventType "team-swiss"]
[EventRounds "7"]
[EventCountry "GER"]
[SourceTitle "EXT 2018"]
[Source "ChessBase"]
[SourceDate "2017.10.13"]
[SourceVersion "1"]
[SourceVersionDate "2017.10.13"]
[SourceQuality "1"]
[WhiteTeam "Schwaebisch Gmuend"]
[BlackTeam "Paderborn Blauer Springer"]
[WhiteTeamCountry "GER"]
[BlackTeamCountry "GER"]

1. c4 e5 2. Nc3 d6 3. g3 f5 4. d3 Nf6 5. Bg2 Be7 6. e3 0-0 7. Nge2 c6 8. 0-0 Qe8 9. f4 Na6 10. a3 Qg6 11. b4 Nc7 12. Rb1 e4 13. dxe4 fxe4 14. Qc2 d5 15. cxd5 Ncxd5 16. Nxe4 Ng4 17. Qb3 Be6 18. Nd4 Rae8 19. h3 Nh6 20. Nxe6 Qxe6 21. Nc3 Kh8 22. Nxd5 cxd5 23. Bxd5 Qxh3 24. e4 Qd7 25. Bb2 Bd8 26. Rbd1 Bb6+ 27. Bd4 Qc7 28. Bxb6 Qxb6+ 29. Kg2 Ng4 30. Rf3 Re7 31. Rc3 h5 32. Rd2 Rd8 33. a4 Rxe4 34. Kh3 Rxb4 35. Qc2 Ne3 36. Be4 Nxc2 37. Bxc2 Rxd2 0-1

[Event "GER-chT U16"]
[Site "Lingen"]
[Date "2015.12.30"]
[Round "7.4"]
[White "Knuepfer, Tim"]
[Black "Reindl, Knut"]
[Result "0-1"]
[WhiteElo "1592"]
[BlackElo "1618"]
[PlyCount "78"]
[EventDate "2015.12.27"]
[EventType "team-swiss"]
[EventRounds "7"]
[EventCountry "GER"]
[SourceTitle "EXT 2017"]
[Source "ChessBase"]
[SourceDate "2016.10.25"]
[SourceVersion "1"]
[SourceVersionDate "2016.10.25"]
[SourceQuality "1"]
[WhiteTeam "Leipzig SG"]
[BlackTeam "Schwaebisch Gmuend"]
[WhiteTeamCountry "GER"]
[BlackTeamCountry "GER"]

1. e4 c5 2. Nf3 Nc6 3. d4 cxd4 4. Nxd4 d6 5. Nc3 g6 6. Be3 Bg7 7. f3 Nf6 8. Qd2 0-0 9. 0-0-0 Bd7 10. g4 a6 11. h4 Rc8 12. Nb3 Ne5 13. Be2 b5 14. h5 Nc4 15. Bxc4 Rxc4 16. hxg6 fxg6 17. e5 Ne8 18. Qh2 h5 19. gxh5 Bxe5 20. f4 Rfxf4 21. hxg6 Rh4 22. Qf2 Bf6 23. Nd2 Rcg4 24. Bg5 Rxh1 25. Rxh1 Rxg5 26. Nce4 Rxg6 27. Qh2 Bf5 28. Nxf6+ Rxf6 29. Nf3 e6 30. Ng5 Kf8 31. Rf1 Qc8 32. Rxf5 Rxf5 33. Qh8+ Ke7 34. Qh7+ Kd8 35. Nf7+ Rxf7 36. Qxf7 Qd7 37. Qf3 d5 38. Qa3 Qd6 39. Qa5+ Nc7 0-1

[Event "GER-chT U16"]
[Site "Lingen"]
[Date "2015.12.27"]
[Round "1.4"]
[White "Reindl, Knut"]
[Black "Oberhofer, Marie"]
[Result "1-0"]
[WhiteElo "1618"]
[BlackElo "1553"]
[PlyCount "78"]
[EventDate "2015.12.27"]
[EventType "team-swiss"]
[EventRounds "7"]
[EventCountry "GER"]
[SourceTitle "EXT 2017"]
[Source "ChessBase"]
[SourceDate "2016.10.25"]
[SourceVersion "1"]
[SourceVersionDate "2016.10.25"]
[SourceQuality "1"]
[WhiteTeam "Schwaebisch Gmuend"]
[BlackTeam "Regensburg Bavaria"]
[WhiteTeamCountry "GER"]
[BlackTeamCountry "GER"]

1. c4 e5 2. Nc3 Nf6 3. g3 d5 4. cxd5 Nxd5 5. Bg2 Nb6 6. d3 Be7 7. Nf3 Nc6 8. Bd2 0-0 9. 0-0 Be6 10. Rc1 Rb8 11. a3 f6 12. Ne4 Re8 13. Nc5 Bxc5 14. Rxc5 Qd6 15. Rc1 Rec8 16. Qc2 Nd4 17. Nxd4 Qxd4 18. Be3 Qd6 19. Rfd1 c6 20. d4 Ra8 21. Be4 h6 22. Bh7+ Kh8 23. Qg6 Qe7 24. dxe5 fxe5 25. Bc5 Qf6 26. Rd6 Re8 27. Qxf6 gxf6 28. Bg6 Nc4 29. Rxe6 Rxe6 30. Rxc4 b6 31. Be3 Kg7 32. Bf5 Rd6 33. Rg4+ Kf7 34. Bxh6 Rd1+ 35. Kg2 Rh8 36. Be3 Re1 37. Bd3 Ke6 38. Ra4 Ra1 39. Rxa7 Ra2 1-0